00263nam a2200121Ia 45000030006000000080041000060400015000471000023000622450018000852600009001035460012001120050017001240STCL150530s9999 xx 000 0 und d aSTCLcSTCL aSoloman, A.J.F; Ed aModern poetry c1975 aEnglish20220125170919.0